|
|
|
|
| LEADER |
00690nab a2200193 i 4500 |
| 001 |
acta14214 |
| 005 |
20210409150834.0 |
| 008 |
161015s1969 hu o 0|| eng d |
| 022 |
|
|
|a 0001-6969
|
| 040 |
|
|
|a SZTE Egyetemi Kiadványok Repozitórium
|b hun
|
| 041 |
|
|
|a eng
|
| 100 |
1 |
|
|a Manna N. C.
|
| 245 |
1 |
0 |
|a Dini derivatives of semicontinuous functions
|h [elektronikus dokumentum] :
|b I. /
|c Manna N. C.
|
| 260 |
|
|
|c 1969
|
| 300 |
|
|
|a 93-97
|
| 490 |
0 |
|
|a Acta scientiarum mathematicarum
|v 30 No. 1-2
|
| 695 |
|
|
|a Természettudomány, Matematika, Művelődés
|
| 700 |
0 |
1 |
|a Mukhopadhyay S. N.
|e aut
|
| 856 |
4 |
0 |
|u http://acta.bibl.u-szeged.hu/14214/1/math_030_fasc_001_002_093-097.pdf
|z Dokumentum-elérés
|